LEADER 01223nam--2200409---450- 001 990003211300203316 005 20090327142514.0 010 $a978-88-95786-02-5 035 $a000321130 035 $aUSA01000321130 035 $a(ALEPH)000321130USA01 035 $a000321130 100 $a20090327d2008----km-y0itay50------ba 101 $aita 102 $aIT 105 $a||||||||001yy 200 1 $a<> misurazione dei risultati aziendali tra redditività e valorialità$fElena Giovannoni 210 $aArezzo$cKnowità$dcopyr. 2008 215 $aIX, 179 p.$cill.$d24 cm 225 2 $aStudi e ricerche per l'Università 300 $aBibl.: p. 167-179 410 0$12001$aStudi e ricerche per l'Università 454 1$12001 461 1$1001-------$12001 606 0 $aMisurazioni 606 $aAziende$xGestione finanziaria 676 $a620 676 $a658.1599 700 1$aGIOVANNONI,$bElena$0568855 801 0$aIT$bsalbc$gISBD 912 $a990003211300203316 951 $aP09 525$bDISTRA 959 $aBK 969 $aDISTRA 979 $aDISTRA2$b90$c20090327$lUSA01$h1425 996 $aMisurazione dei risultati aziendali tra redditività e valorialità$91011892 997 $aUNISA LEADER 01203nam--2200397---450- 001 990000988830203316 005 20050721123340.0 010 $a0-684-18585-7 035 $a0098883 035 $aUSA010098883 035 $a(ALEPH)000098883USA01 035 $a0098883 100 $a20020225d1988----km-y0itay0103----ba 101 $aeng 102 $aUS 105 $a||||||||001yy 200 1 $a<> letters of Edith Wharton$fedited by R.W.B. Lewis and Nancy Lewis 210 $aNew York$cC. Scribner's sons$dc1988 215 $aXIV, 654 p.$c2 c. di tav., 24 p. di tav., ill.$d24 cm 410 $12001 606 0 $aWharton, Edith$xLettere e carteggi 676 $a816.52 700 1$aWHARTON,$bEdith$0163522 702 1$aLEWIS,$bRichard Warrington Baldwin 702 1$aLEWIS,$bNancy 801 0$aIT$bsalbc$gISBD 912 $a990000988830203316 951 $aVII.3.A. 1838(II i B 406)$b97648 LM$cII i B 959 $aBK 969 $aUMA 979 $aPATTY$b90$c20020225$lUSA01$h1626 979 $c20020403$lUSA01$h1740 979 $aPATRY$b90$c20040406$lUSA01$h1708 979 $aCOPAT3$b90$c20050721$lUSA01$h1233 996 $aLetters of Edith Wharton$9975764 997 $aUNISA